000 00431nam a2200193Ia 4500
005 20250603145522.0
008 250603s9999 xx 000 0 und d
020 _a978-0-07-304992-2
050 _aQ 158.5 .T55/
100 _aTillery, Bill W.
245 0 _aPhysical science
250 _a7th ed.
260 _aNew York
260 _bMcGraw-Hill
260 _c2007
300 _a729 p
650 _aNew York
942 _cBK
999 _c42095
_d42095